Parc a taula : edició 2013 edició 2013
Publicado:
Barcelona :
Diputació de Barcelona. Àrea de Territori i Sostenibilitat. Espais Naturals i Medi Ambient. Gerència de Serveis d'Espais Naturals ,
2013
Descripción Física:
111 p. : il. 21 cm
MARC
| LEADER | 00000nam a2200000Ia 4500 | ||
|---|---|---|---|
| 001 | 23891 | ||
| 008 | 160829s2013 xx 000 0 cat d | ||
| 080 | |a Bib-100 | ||
| 245 | |a Parc a taula : |b edició 2013 | ||
| 260 | |a Barcelona : |b Diputació de Barcelona. Àrea de Territori i Sostenibilitat. Espais Naturals i Medi Ambient. Gerència de Serveis d'Espais Naturals, |c 2013 | ||
| 300 | |a 111 p. : |b il. 21 cm | ||
| 650 | 0 | |a Turisme gastronòmic |9 44953 | |
| 650 | 0 | |a Parcs Naturals |z Barcelona (Catalunya : Província) |9 49557 | |
| 710 | 1 | |a Barcelona (Catalunya : Província). |b Xarxa de Parcs Naturals |9 7250 | |
| 710 | 1 | |a Barcelona (Catalunya : Província). |b Gerència de Serveis de Medi Ambient |9 53088 | |
| 901 | |a Arxiu | ||
| 942 | |n 1 | ||
| 952 | |0 0 |1 0 |4 0 |6 BIB100 |7 1 |9 55863 |a Arxiu |b Arxiu |d 2016-12-01 |l 0 |o Bib-100 |p 23891 |r 2016-12-01 00:00:00 |w 2016-12-01 |y ARXIU | ||
| 999 | |c 59736 |d 59736 | ||